000 00403cam a2200157ua 4500
041 _aeng
_h
082 _a515.63
_bWEA/EL
100 _aWeatherburn, C E .
245 _aElementary vector analysis /
_cC E Weatherburn.
_hTextual Documents
250 _a1 /
_b.
260 _aLondon :
_bEnglish Language Book Society ,
_c1921.
300 _a178 ; .
504 _a
942 _cBK
999 _c5329
_d5329